000 00500nmm a2200169Ia 4500
008 251105s9999||||xx |||||||||||||||||und||
020 _a9789681633981
041 _aspa
100 _aReyes, Alfonso
245 0 _aHistoria documental de mis libros
264 _a[México D.C., Mexico] :
_bFondo de Cultura Económica,
_c2018
300 _a204 páginas
490 _aVida y Pensamiento de México
650 _aBiography
856 _uhttps://public.digitaliapublishing.com/a/64499
942 _cCF
999 _c96786
_d96786